Mechanistic models of the ion-solvation shell system; Bulletin of the Lebedev Physics Institute; Vol. 44, iss. 9

Bibliographic Details
Parent link:Bulletin of the Lebedev Physics Institute
Vol. 44, iss. 9.— 2017.— [P. 254-257]
Corporate Author: Национальный исследовательский Томский политехнический университет
Other Authors: Shamanin I. V. Igor Vladimirovich, Kazaryan M. A. Mishik Ayrazatovich, Timchenko S. N. Sergey Nikolaevich, Ushakov I. A. Ivan Alekseevich
Summary:Title screen
The eigenfrequencies of solvation shell oscillations with respect to the ion are estimated in various approximations describing the ion–solvation shell system. The results of comparisonwith experiments suggest that the most appropriate is the model in which the solvated ion is considered to be a spherical rotator formed either by the entire solvation shell or by a layer of solvent molecules adjacent to the outer boundary of the solvation shell.
Режим доступа: по договору с организацией-держателем ресурса
Language:English
Published: 2017
Subjects:
Online Access:https://doi.org/10.3103/S1068335617090020
Format: Electronic Book Chapter
KOHA link:https://koha.lib.tpu.ru/cgi-bin/koha/opac-detail.pl?biblionumber=656689

MARC

LEADER 00000naa0a2200000 4500
001 656689
005 20250514105013.0
035 |a (RuTPU)RU\TPU\network\23155 
090 |a 656689 
100 |a 20171206d2017 k||y0rusy50 ba 
101 0 |a eng 
102 |a US 
135 |a drnn ---uucaa 
181 0 |a i  
182 0 |a b 
200 1 |a Mechanistic models of the ion-solvation shell system  |f I. V. Shamanin [et al.] 
203 |a Text  |c electronic 
300 |a Title screen 
320 |a [References: p. 257 (6 tit.)] 
330 |a The eigenfrequencies of solvation shell oscillations with respect to the ion are estimated in various approximations describing the ion–solvation shell system. The results of comparisonwith experiments suggest that the most appropriate is the model in which the solvated ion is considered to be a spherical rotator formed either by the entire solvation shell or by a layer of solvent molecules adjacent to the outer boundary of the solvation shell. 
333 |a Режим доступа: по договору с организацией-держателем ресурса 
461 |t Bulletin of the Lebedev Physics Institute 
463 |t Vol. 44, iss. 9  |v [P. 254-257]  |d 2017 
610 1 |a электронный ресурс 
610 1 |a труды учёных ТПУ 
610 1 |a колебания 
610 1 |a резонаторы 
610 1 |a сольватация 
701 1 |a Shamanin  |b I. V.  |c specialist in the field of nuclear physics  |c Professor of Tomsk Polytechnic University, Doctor of physical and mathematical sciences  |c specialist in the field of nuclear power engineering  |f 1962-  |g Igor Vladimirovich  |3 (RuTPU)RU\TPU\pers\30832 
701 1 |a Kazaryan  |b M. A.  |g Mishik Ayrazatovich 
701 1 |a Timchenko  |b S. N.  |c physicist  |c Associate Professor of Tomsk Polytechnic University, Candidate of Technical Sciences  |f 1980-  |g Sergey Nikolaevich  |3 (RuTPU)RU\TPU\pers\34267  |9 17798 
701 1 |a Ushakov  |b I. A.  |c physicist  |c engineer at Tomsk Polytechnic University  |f 1991-  |g Ivan Alekseevich  |3 (RuTPU)RU\TPU\pers\35544 
712 0 2 |a Национальный исследовательский Томский политехнический университет  |c (2009- )  |9 26305 
801 2 |a RU  |b 63413507  |c 20171220  |g RCR 
850 |a 63413507 
856 4 |u https://doi.org/10.3103/S1068335617090020 
942 |c CF